000
00251nam a22001097a 4500
082
_a
515.33 EDW
100
_a
EDWARDS JOSEPH
_9
39257
245
_a
DIFFERENTIAL CALCULUS FOR BEGINNERS
260
_a
NEW YORK
_b
PDF
_c
1957
300
_a
262P
942
_c
BK
999
_c
579167
_d
579167